Applied hydrology / (Record no. 16775)

MARC details
000 -LEADER
fixed length control field 00604nam a2200229 4500
005 - DATE AND TIME OF LATEST TRANSACTION
control field 20210708102545.0
007 - PHYSICAL DESCRIPTION FIXED FIELD--GENERAL INFORMATION
fixed length control field 000
008 - FIXED-LENGTH DATA ELEMENTS--GENERAL INFORMATION
fixed length control field 000
020 ## - INTERNATIONAL STANDARD BOOK NUMBER
International Standard Book Number 9780070702424
International Standard Book Number 007070242X
040 ## - CATALOGING SOURCE
Original cataloging agency UOELD
050 ## - LIBRARY OF CONGRESS CALL NUMBER
Classification number GB661.2
Item number .C43 1988
100 ## - MAIN ENTRY--PERSONAL NAME
Personal name Chow Ven Te
240 ## - UNIFORM TITLE
Uniform title <a href="Applied hydrology">Applied hydrology</a>
245 ## - TITLE STATEMENT
Title Applied hydrology /
Statement of responsibility, etc Ven Te Chow,David R.Maidment and Larry W. Mays
260 ## - PUBLICATION, DISTRIBUTION, ETC. (IMPRINT)
Place of publication, distribution, etc New York:
Name of publisher, distributor, etc McGraw Hill Education,
Date of publication, distribution, etc c1988.
300 ## - PHYSICAL DESCRIPTION
Extent xiii, 572p
Other physical details ill.
500 ## - GENERAL NOTE
General note Includes index
600 ## - SUBJECT ADDED ENTRY--PERSONAL NAME
Personal name Ven Te Chow
700 ## - ADDED ENTRY--PERSONAL NAME
Personal name David R. Maidment and Larry W. Mays
942 ## - ADDED ENTRY ELEMENTS (KOHA)
Source of classification or shelving scheme Library of Congress Classification
Item type Loan - Normal on open shelf
Holdings
Withdrawn status Lost status Source of classification or shelving scheme Damaged status Not for loan Home library Current library Shelving location Date acquired Total Checkouts Full call number Barcode Date last seen Copy number Price effective from Koha item type
    Library of Congress Classification     UOE Main Library UOE Main Library Short Loan Area 15/11/2019   GB6612.2 .C43 1988 20156121 27/04/2026 20156121 15/11/2019 Short Loan for 1 day
    Library of Congress Classification     UOE Main Library UOE Main Library Short Loan Area 15/11/2019   GB6612.2 .C43 1988 20156122 27/04/2026 20156122 15/11/2019 Short Loan for 1 day
    Library of Congress Classification     UOE Main Library UOE Main Library Short Loan Area 13/12/2019   GB661.2 .C43 1988 20156123 27/04/2026 20156123 13/12/2019 Short Loan for 1 day
    Library of Congress Classification     UOE Town Campus UOE Town Campus Open shelf 30/10/2020   GB661.2 .C43 1988 20156119 30/10/2020 20156119 30/10/2020 Loan - Normal on open shelf
    Library of Congress Classification     UOE Town Campus UOE Town Campus Open shelf 30/10/2020   GB661.2 .C43 1988 20156120 30/10/2020 20156120 30/10/2020 Loan - Normal on open shelf